00707nam a2200241 a 4500001001300000003000900013005001700022008004100039020002300080082002000103100001900123245003300142260003500175300000900210500003500219505001700254650002400271700001900295902000800314942000700322952012100329999001500450nice12345678IN_TiNIC20260116012320.0050524s1990 dela grp 000 0 eng  a8185394 c99000a745.619927bSID aSiddiqui, Atiq aStory of Islamic Calligraphy aDelhibSarita Book Housec1990 a120p aincludes index and biblioraphy2 aBibliography aCalligraphy-Islamic1 aSiddiqui, Atiq bRHR cBK 001040708ReferHall-aHMIbHMId2007-06-15g990.00l0o745.619927 SIDp014576r2007-06-15v990.00w2005-05-24yBK c6523d6523